Technology by Letter: J - Statistics

General Stats
  • This quiz has been taken 24 times
  • The average score is 6 of 11
Answer Stats
Hint Answer % Correct
Type of aircraft propulsion Jet engine
86%
Unit of energy Joule
81%
Crushed fruit cooked with sugar Jam
76%
Major programming language Java
76%
Coin-operated music player Jukebox
76%
Computer accessory for gaming Joystick
67%
Tool to cut lines in wood Jigsaw
48%
One car makes another car go Jump start
33%
Natural fabric fibre Jute
33%
Movable connection between two bodies Joint
24%
German aircraft manufacturer Junkers
10%
No matching quizzes found
Score Distribution
Percent of People with Each Score
Percentile by Number Answered
Your Score History
You have not taken this quiz